000 00266nam a22000977a 4500
999 _c11317
_d11317
008 190219b ||||| |||| 00| 0 eng d
020 _a9781841263014
100 _aDooley Thomas
_97058
245 _aSoccer Dribbling and Feinting
260 _aUK
_bMeyer & Meyer Sport
_c2010